[Event "Tournoi Skype 009"]
[Site "Skype"]
[Date "????.??.??"]
[Round "4.9"]
[White "Peignien, Laurent"]
[Black "Loyarte, Frederic"]
[Result "1-0"]
[WhiteElo "1682"]
[BlackElo "1473"]
[PlyCount "95"]

1. e4 e5 2. Nf3 Nc6 3. d4 exd4 4. Nxd4 Qe7 5. Nc3 Nf6 6. Bg5 Qb4 7. Nxc6 dxc6
8. e5 h6 9. Bxf6 gxf6 10. exf6 Qf4 11. Bd3 Bf5 12. Qe2+ Be6 13. Ne4 Bd5 14.
Nc5+ Kd8 15. Ne4 Bb4+ 16. c3 Ba5 17. O-O Re8 18. f3 Bb6+ 19. Kh1 Bxe4 20. fxe4
Qe5 21. Rad1 Kc8 22. Rf5 Qxf5 23. exf5 Rxe2 24. Bxe2 Be3 25. Rd3 Bg5 26. Bh5
Bxf6 27. Bxf7 b6 28. Re3 Kb7 29. Re6 Bg5 30. Be8 Rd8 31. Bxc6+ Kc8 32. g4 Rd1+
33. Kg2 Rd2+ 34. Kg3 Rd3+ 35. Kf2 Rd2+ 36. Re2 Rd6 37. Bf3 c5 38. Kg3 Kd7 39.
h4 Bd8 40. Be4 Bc7 41. Kf3 Rf6 42. g5 Rf8 43. Kg4 hxg5 44. hxg5 Ke7 45. Bd5+
Kd7 46. f6 Bd6 47. Kf5 Re8 48. Bc6+ 1-0

[Event "Tournoi Skype 009"]
[Site "Skype"]
[Date "????.??.??"]
[Round "4.10"]
[White "De Leener, Luc"]
[Black "Antonic, Nenad"]
[Result "1-0"]
[WhiteElo "1662"]
[BlackElo "1466"]
[PlyCount "103"]

1. e4 e6 2. d4 d5 3. e5 c5 4. c3 cxd4 5. cxd4 Bb4+ 6. Nc3 Ne7 7. Nf3 O-O 8. Bd3
g6 9. O-O Bxc3 10. bxc3 Bd7 11. Bg5 Bc6 12. Bf6 Nd7 13. Qd2 Nxf6 14. exf6 Nf5
15. Bxf5 exf5 16. Qg5 Re8 17. Rfe1 Qd6 18. Re5 Re6 19. Rxe6 Qxe6 20. Re1 Qd6
21. Re7 Re8 22. Rxe8+ Bxe8 23. Ne5 Qb6 24. g4 a6 25. gxf5 Qb1+ 26. Kg2 Qxf5 27.
Qxf5 gxf5 28. Kf3 Ba4 29. Kf4 Bc2 30. Nd7 h6 31. Ke5 Be4 32. Nc5 Bb1 33. a3 Kh7
34. Kxd5 Kg6 35. Ke5 Kg5 36. d5 f4 37. d6 Bf5 38. d7 Bxd7 39. Nxd7 Kg4 40. Ke4
b5 41. Ne5+ Kg5 42. Nxf7+ Kxf6 43. Nxh6 Kg5 44. Nf7+ Kg4 45. Ne5+ Kg5 46. f3
Kh4 47. Kxf4 b4 48. cxb4 a5 49. bxa5 Kh3 50. a6 Kxh2 51. a7 Kg2 52. a8=Q 1-0

[Event "Tournoi Skype 009"]
[Site "Skype"]
[Date "????.??.??"]
[Round "4.11"]
[White "Sharma, Mayank"]
[Black "Briere, Jean"]
[Result "1-0"]
[WhiteElo "1633"]
[BlackElo "1457"]
[PlyCount "77"]

1. e4 e5 2. Nf3 Nc6 3. d4 exd4 4. Nxd4 Bc5 5. c3 Qf6 6. Be3 Nge7 7. Nc2 Bxe3 8.
Nxe3 d6 9. Be2 Ne5 10. Nd2 O-O 11. O-O Be6 12. Re1 Rfd8 13. Qc2 d5 14. exd5
Bxd5 15. Nxd5 Rxd5 16. Nf3 Rad8 17. Rad1 c6 18. Nxe5 Qxe5 19. Bf3 Rxd1 20. Rxd1
Rxd1+ 21. Qxd1 Ng6 22. Qd2 f6 23. g3 Qe6 24. b3 Ne5 25. Bg2 Kf7 26. Qd4 b6 27.
h3 Ke7 28. Qe4 g6 29. f4 f5 30. Qxe5 Qxe5 31. fxe5 c5 32. Bd5 g5 33. Kf2 b5 34.
b4 cxb4 35. cxb4 h6 36. Ke3 Kd7 37. Kd4 Kc7 38. Kc5 a6 39. Bc6 1-0

[Event "Tournoi Skype 009"]
[Site "Skype"]
[Date "????.??.??"]
[Round "4.12"]
[White "Capdeville, Jean"]
[Black "Le Brun, Yves"]
[Result "0-1"]
[WhiteElo "1440"]
[BlackElo "1608"]
[PlyCount "56"]

1. e4 c5 2. Bc4 Nc6 3. Nf3 Nf6 4. Nc3 a6 5. a3 e6 6. d3 d5 7. exd5 exd5 8. Qe2+
Be7 9. Ba2 h6 10. O-O O-O 11. Bf4 Be6 12. Qd2 Nh7 13. h3 g5 14. Be3 Qd7 15. Kh2
Rad8 16. Rfe1 d4 17. Bxe6 fxe6 18. Bxg5 Nxg5 19. Nxg5 Bxg5 20. Qe2 dxc3 21.
bxc3 Qd6+ 22. g3 e5 23. Rab1 b5 24. c4 Nd4 25. Qd1 Rxf2+ 26. Kg1 Rdf8 27. Qg4
Qc6 28. Rf1 Qg2# 0-1

[Event "Tournoi Skype 009"]
[Site "Skype"]
[Date "????.??.??"]
[Round "4.13"]
[White "Talbot, Jacques"]
[Black "De Coninck, Philippe"]
[Result "0-1"]
[WhiteElo "1412"]
[BlackElo "1535"]
[PlyCount "30"]

1. d4 d5 2. c4 e6 3. Nc3 Nf6 4. Bg5 Nbd7 5. e3 Be7 6. Nf3 b6 7. Bd3 Bb7 8. O-O
c5 9. cxd5 exd5 10. dxc5 Nxc5 11. Bc2 O-O 12. a3 Qc7 13. b4 Ne6 14. Bxf6 Bxf6
15. Qd2 Bxc3 0-1

[Event "Tournoi Skype 009"]
[Site "Skype"]
[Date "????.??.??"]
[Round "4.14"]
[White "Meaney, Mike"]
[Black "Dubois, Real"]
[Result "1/2-1/2"]
[WhiteElo "1399"]
[BlackElo "1534"]
[PlyCount "64"]

1. d4 d5 2. Nf3 Nf6 3. e3 g6 4. Nc3 Bg7 5. Be2 c6 6. h3 Bd7 7. b3 Qc7 8. Bb2 a6
9. Ba3 Qa5 10. Bb2 Ne4 11. Qd3 Nxc3 12. Qxc3 Qxc3+ 13. Bxc3 b5 14. O-O O-O 15.
Bb4 Re8 16. Bd3 a5 17. Bd2 b4 18. a3 e5 19. Nh2 e4 20. Be2 Bf8 21. axb4 Na6 22.
Rxa5 Nxb4 23. Rfa1 Rxa5 24. Rxa5 Nxc2 25. Ra2 Nb4 26. Ra7 Be6 27. Rb7 Nd3 28.
Rc7 Rc8 29. Rxc8 Bxc8 30. Bxd3 exd3 31. Nf3 Bg7 32. g4 h6 1/2-1/2

[Event "Tournoi Skype 009"]
[Site "Skype"]
[Date "????.??.??"]
[Round "4.15"]
[White "Fouquereau, Andre"]
[Black "Casey, Eamonn"]
[Result "1/2-1/2"]
[WhiteElo "1496"]
[BlackElo "1399"]
[PlyCount "67"]

1. e4 e6 2. Nf3 d5 3. exd5 exd5 4. c3 Nf6 5. Qc2 c5 6. Bb5+ Bd7 7. Bxd7+ Nbxd7
8. O-O Be7 9. d3 O-O 10. Bg5 Rc8 11. Qa4 a6 12. Nbd2 Nb6 13. Qd1 Qc7 14. Rc1 h6
15. Bh4 Nbd7 16. Re1 Rfe8 17. Bg3 Bd6 18. Bxd6 Qxd6 19. Nf1 Rxe1 20. Qxe1 Re8
21. Qd2 Ne5 22. Nxe5 Rxe5 23. Re1 Qe6 24. Rxe5 Qxe5 25. Ne3 b5 26. b3 d4 27.
cxd4 cxd4 28. Nf1 Nd5 29. Qa5 Qd6 30. Qe1 Nb4 31. Qe8+ Qf8 32. Qe2 Qc5 33. Qe8+
Qf8 34. Qe4 1/2-1/2

[Event "Tournoi Skype 009"]
[Site "Skype"]
[Date "????.??.??"]
[Round "4.16"]
[White "L'Herbon De Lussats, Jean"]
[Black "Chaignet, Lucas"]
[Result "1-0"]
[WhiteElo "1479"]
[BlackElo "1373"]
[PlyCount "55"]

1. e4 e5 2. c4 Bc5 3. Nf3 Nc6 4. Nc3 Nf6 5. a3 a5 6. Be2 d6 7. h3 Be6 8. d3 Qd7
9. Be3 Nd4 10. Ng5 O-O 11. Nxe6 fxe6 12. O-O a4 13. Bg4 Nb3 14. Rb1 Bxe3 15.
fxe3 Nxg4 16. Rxf8+ Rxf8 17. Qxg4 c6 18. Rd1 b5 19. d4 exd4 20. exd4 bxc4 21.
d5 Nc5 22. dxe6 Nxe6 23. e5 d5 24. Ne2 c5 25. g3 d4 26. Nf4 Re8 27. Nh5 Nf8 28.
Nf6+ 1-0

[Event "Tournoi Skype 009"]
[Site "Skype"]
[Date "????.??.??"]
[Round "4.17"]
[White "Engstrom, Olle"]
[Black "Philibert, Andre"]
[Result "1-0"]
[WhiteElo "1593"]
[BlackElo "1243"]
[PlyCount "65"]

1. e4 e5 2. Nf3 d6 3. d4 exd4 4. Qxd4 Nc6 5. Bb5 Bd7 6. Bxc6 Bxc6 7. Nc3 Be7 8.
Be3 Nf6 9. O-O-O Qd7 10. h3 O-O 11. Rhe1 Rfe8 12. Bg5 a5 13. Qd2 Kf8 14. Qf4
Nh5 15. Bxe7+ Qxe7 16. Qd2 Ra6 17. Nd5 Bxd5 18. exd5 Qf6 19. Rxe8+ Kxe8 20. Qd4
Qh6+ 21. Kb1 Rb6 22. Qa4+ Kf8 23. Re1 Nf6 24. Qxa5 g6 25. Qc3 Qf4 26. Qxc7 Qb4
27. Qe7+ Kg7 28. b3 Nxd5 29. Qd7 Qxe1+ 30. Nxe1 Nf6 31. Qc7 Nd5 32. Qc4 Nb4 33.
Qd4+ 1-0

[Event "Tournoi Skype 009"]
[Site "Skype"]
[Date "????.??.??"]
[Round "4.18"]
[White "Bourdeau, Yvan"]
[Black "Gerbaux, Regis"]
[Result "1-0"]
[WhiteElo "1662"]
[BlackElo "1337"]
[PlyCount "65"]

1. e4 c5 2. Nf3 Nc6 3. d4 cxd4 4. Nxd4 e5 5. Nb5 a6 6. Nd6+ Bxd6 7. Qxd6 Qa5+
8. c3 Nd4 9. Bd3 Nc2+ 10. Bxc2 Nf6 11. O-O Ng8 12. Nd2 Qd8 13. Nc4 f6 14. Be3
Qe7 15. Bc5 Qxd6 16. Nxd6+ Kd8 17. Nf7+ Ke8 18. Nxh8 Ne7 19. Bxe7 Kxe7 20. Bb3
d6 21. Nf7 Be6 22. Bxe6 Kxe6 23. Rfd1 Kxf7 24. Rxd6 Rc8 25. Rad1 Kg6 26. Rd7 b5
27. Kf1 b4 28. cxb4 Rc2 29. R7d2 Rc4 30. f3 a5 31. bxa5 Rxe4 32. fxe4 h6 33. a6
1-0

[Event "Tournoi Skype 009"]
[Site "Skype"]
[Date "????.??.??"]
[Round "4.19"]
[White "Janssen, Gerard"]
[Black "Vervoort, Jean-Louis"]
[Result "1-0"]
[WhiteElo "1647"]
[BlackElo "1290"]
[PlyCount "65"]

1. d4 d5 2. c4 c6 3. Nc3 Nf6 4. e3 e6 5. Nf3 Bb4 6. Qc2 O-O 7. cxd5 cxd5 8. Bd3
g6 9. O-O Nc6 10. a3 Bxc3 11. bxc3 b5 12. Bxb5 Ne7 13. Ne5 Rb8 14. Qd3 Qa5 15.
c4 Ba6 16. Bd2 Qb6 17. Bxa6 Qxa6 18. c5 Qxd3 19. Nxd3 Rb7 20. f3 Rfb8 21. g4
Rb3 22. Ne5 Rb2 23. Bb4 Rb5 24. c6 a5 25. Bxe7 Ne8 26. h4 R5b3 27. Rfe1 Rc2 28.
f4 Rbb2 29. Nf3 Rg2+ 30. Kh1 Rg3 31. Ng1 Rxg4 32. Rab1 Rxh4+ 33. Bxh4 1-0

[Event "Tournoi Skype 009"]
[Site "Skype"]
[Date "????.??.??"]
[Round "4.20"]
[White "Duthoit, Bernard"]
[Black "Tamditi, Ibrahim"]
[Result "1-0"]
[WhiteElo "1602"]
[BlackElo "1225"]
[PlyCount "73"]

1. e4 d6 2. d4 Nf6 3. Bg5 Nxe4 4. Bf4 Nd7 5. Bd3 d5 6. Nf3 c5 7. Bxe4 dxe4 8.
Ne5 e6 9. Nxd7 Qxd7 10. dxc5 Qxd1+ 11. Kxd1 Bxc5 12. Ke2 O-O 13. Nc3 Bd4 14.
Bd2 b5 15. Nxb5 Bxb2 16. Rab1 Be5 17. f4 Bf6 18. Nc7 Ba6+ 19. Nxa6 Rac8 20. c3
Bxc3 21. Bxc3 Rxc3 22. Rhc1 Ra3 23. Nb4 Ra4 24. Ke3 f5 25. Rc6 Re8 26. Ra6 Rxa6
27. Nxa6 e5 28. g3 exf4+ 29. gxf4 Re6 30. Rb8+ Kf7 31. Rb7+ Kf8 32. Rxa7 Rh6
33. Nc5 Kg8 34. Nd7 Rxh2 35. Ne5 Rh3+ 36. Kd4 e3 37. Ra8# 1-0

[Event "Tournoi Skype 009"]
[Site "Skype"]
[Date "????.??.??"]
[Round "4.21"]
[White "Coruble, Didier"]
[Black "Malbec, Robert"]
[Result "0-1"]
[WhiteElo "1398"]
[BlackElo "1487"]
[PlyCount "120"]

1. e4 c6 2. d4 d5 3. e5 Bf5 4. Nf3 e6 5. Bf4 Bb4+ 6. c3 Ba5 7. b4 Bb6 8. b5 Ne7
9. Nh4 O-O 10. Nxf5 Nxf5 11. a4 Ba5 12. Be2 Qb6 13. Bd2 c5 14. O-O Nd7 15. Na3
cxd4 16. cxd4 Bxd2 17. Qxd2 Nxd4 18. Bd1 Nxe5 19. Rc1 Rac8 20. a5 Qd6 21. Rxc8
Rxc8 22. Qxd4 Qxa3 23. Qxe5 Qxa5 24. Qb2 g6 25. Bf3 Rc5 26. Ra1 Qxb5 27. Qd4 a6
28. Be2 Qb6 29. Qe5 Qc6 30. Qb8+ Kg7 31. Qe5+ f6 32. Qb8 Rc1+ 33. Rxc1 Qxc1+
34. Bf1 Qb1 35. h3 a5 36. Qc7+ Kh6 37. Qxa5 b6 38. Qd2+ Kg7 39. Qe2 e5 40. Kh2
e4 41. Qb5 Qxb5 42. Bxb5 d4 43. Kg1 f5 44. Kf1 d3 45. Ke1 Kf6 46. f4 Ke7 47.
Bc4 h6 48. Bg8 b5 49. Kd1 Kd6 50. Bf7 g5 51. fxg5 hxg5 52. Kd2 b4 53. Ke3 Ke5
54. Kd2 Kd4 55. Bb3 f4 56. Ke1 e3 57. Bd1 Kc3 58. Ba4 b3 59. Bxb3 Kxb3 60. Kd1
Kc3 0-1

[Event "Tournoi Skype 009"]
[Site "Skype"]
[Date "????.??.??"]
[Round "4.22"]
[White "Hague, Mark"]
[Black "Khatanhar, Mohit"]
[Result "1-0"]
[WhiteElo "1389"]
[BlackElo "1450"]
[PlyCount "61"]

1. d4 d5 2. c4 dxc4 3. e4 e6 4. Nc3 Nc6 5. Nf3 Bb4 6. Bxc4 Nge7 7. a3 Bxc3+ 8.
bxc3 Ng6 9. O-O O-O 10. e5 f6 11. exf6 Rxf6 12. Bg5 Bd7 13. Bxf6 Qxf6 14. Bd3
Rf8 15. Qc2 Nce7 16. Rae1 Nf4 17. Bxh7+ Kh8 18. Ne5 Qg5 19. g3 Be8 20. Be4 Rf6
21. h4 Qh5 22. gxf4 Bg6 23. Nxg6+ Nxg6 24. Qd3 Nxf4 25. Qg3 Ne2+ 26. Rxe2 Qxe2
27. Qd3 Qg4+ 28. Kh2 Rh6 29. Bg2 Rxh4+ 30. Bh3 Qf5 31. Qxf5 1-0

[Event "Tournoi Skype 009"]
[Site "Skype"]
[Date "????.??.??"]
[Round "4.23"]
[White "Raheja, Shiv"]
[Black "Gharbi, Said"]
[Result "1-0"]
[WhiteElo "1344"]
[BlackElo "1406"]
[PlyCount "49"]

1. c4 b6 2. e3 Bb7 3. Be2 e5 4. Nc3 Bxg2 5. Bf3 Bxh1 6. Bxa8 Bxa8 7. Nh3 Qh4 8.
Ng1 Qxh2 9. Qg4 Nf6 10. Qg3 Qh1 11. d3 Bg2 12. Nce2 e4 13. Bd2 exd3 14. O-O-O
dxe2 15. Nxe2 Qh5 16. Nf4 Ne4 17. Qxg2 Qf5 18. Be1 Bd6 19. Qxg7 Rf8 20. f3 Bxf4
21. fxe4 Bxe3+ 22. Bd2 Qxe4 23. Re1 Qxc4+ 24. Kb1 Kd8 25. Qxf8# 1-0

[Event "Tournoi Skype 009"]
[Site "Skype"]
[Date "????.??.??"]
[Round "4.24"]
[White "Belouin, Alexis"]
[Black "Dupere, Francois"]
[Result "1-0"]
[WhiteElo "1399"]
[BlackElo "1180"]
[PlyCount "129"]

1. e4 d5 2. d3 dxe4 3. dxe4 Qxd1+ 4. Kxd1 e5 5. Nc3 c6 6. Nf3 Bg4 7. Be2 Bc5 8.
Nxe5 Bxe2+ 9. Nxe2 Nf6 10. f3 Na6 11. Bd2 Rd8 12. Nd3 Nb4 13. Bxb4 Bxb4 14. Kc1
a5 15. a3 Be7 16. b4 a4 17. Nc3 b5 18. Ne5 Rd6 19. Rd1 O-O 20. Rxd6 Bxd6 21.
Nxc6 Rc8 22. Nxb5 Rxc6 23. c3 Bxh2 24. Kb2 Be5 25. Rd1 h6 26. Rd3 Nh5 27. Rd5
f6 28. Rc5 Re6 29. Nc7 Bxc7 30. Rxc7 Nf4 31. g3 Nd3+ 32. Kc2 Rd6 33. Kd2 Nxb4+
34. Ke3 Nc2+ 35. Kf4 Nxa3 36. Ra7 Rd3 37. Rc7 Nb5 38. Rc8+ Kh7 39. c4 a3 40.
cxb5 a2 41. Ra8 Rb3 42. Rxa2 Rb1 43. Re2 g5+ 44. Kg4 Kg6 45. f4 h5+ 46. Kf3
Rb3+ 47. Re3 g4+ 48. Kf2 Rb2+ 49. Re2 Rxe2+ 50. Kxe2 h4 51. Kf2 h3 52. Kg1 Kf7
53. Kf2 Ke6 54. Kg1 Kd6 55. e5+ Ke6 56. exf6 Kxf6 57. Kf2 Ke6 58. Kf1 Kd5 59.
Kf2 Ke4 60. Kg1 Kf3 61. Kh2 Kf2 62. f5 Kf3 63. f6 Ke4 64. f7 Ke5 65. f8=Q 1-0

[Event "Tournoi Skype 009"]
[Site "Skype"]
[Date "????.??.??"]
[Round "4.25"]
[White "Gabriele, Noel"]
[Black "Galani, Mahendra"]
[Result "0-1"]
[WhiteElo "1273"]
[BlackElo "1399"]
[PlyCount "42"]

1. e4 e5 2. Nf3 d6 3. Nc3 Nf6 4. Bc4 c6 5. O-O h6 6. d3 Nh7 7. Be3 Qf6 8. d4
Nd7 9. d5 Be7 10. dxc6 bxc6 11. Qd3 Nb6 12. Bxb6 axb6 13. a4 Rb8 14. Rfe1 O-O
15. Nd2 Rd8 16. Qg3 Bb7 17. Nf3 Ng5 18. Nh4 d5 19. exd5 cxd5 20. Bb3 e4 21. Re3
d4 0-1

[Event "Tournoi Skype 009"]
[Site "Skype"]
[Date "????.??.??"]
[Round "4.26"]
[White "Rondeau, Anne-Frederique"]
[Black "Grasset, Xavier"]
[Result "0-1"]
[WhiteElo "1044"]
[BlackElo "1399"]
[PlyCount "72"]

1. e4 d5 2. exd5 Qxd5 3. Nc3 Qe6+ 4. Be2 Nc6 5. Nf3 h6 6. O-O g5 7. Bb5 a6 8.
Re1 Qd6 9. Ne4 Qb4 10. Bxc6+ bxc6 11. c3 Qb6 12. d4 Nf6 13. Nxf6+ Kd8 14. Ne4
g4 15. Ne5 Rh7 16. d5 Bf5 17. dxc6+ Kc8 18. Qd7+ Bxd7 19. Nxd7 Qxc6 20. Ne5 Qe6
21. Bf4 f6 22. Nd3 Qc4 23. Nd2 Qxd3 24. Rad1 e5 25. Ne4 Qc4 26. b3 Qg8 27. Nxf6
Qg6 28. Nxh7 Qxh7 29. Bxe5 Kb7 30. Rd4 Re8 31. Rb4+ Kc6 32. Rc4+ Kd5 33. Rd4+
Kc6 34. Rc4+ Kb7 35. Rb4+ Ka8 36. Rd1 Bxb4 0-1

[Event "Tournoi Skype 009"]
[Site "Skype"]
[Date "????.??.??"]
[Round "4.27"]
[White "Bucherie, Volcy"]
[Black "Mordaa, Ahmad"]
[Result "0-1"]
[WhiteElo "1210"]
[BlackElo "1399"]
[PlyCount "52"]

1. c4 e5 2. Nc3 Nf6 3. Nf3 Nc6 4. g3 Bc5 5. e3 d6 6. Bg2 a6 7. O-O O-O 8. d4
exd4 9. exd4 Bb6 10. Be3 d5 11. Nxd5 Nxd5 12. cxd5 Qxd5 13. Ne5 Qd6 14. Rc1
Nxe5 15. Bf4 Qxd4 16. Bxe5 Qxe5 17. Re1 Qxb2 18. Rc2 Qf6 19. Qd3 Bf5 20. Be4
Rfe8 21. Rce2 Bxe4 22. Rxe4 Rxe4 23. Qxe4 Bxf2+ 24. Kf1 Bxg3+ 25. Kg1 Qf2+ 26.
Kh1 Qxh2# 0-1

[Event "Tournoi Skype 009"]
[Site "Skype"]
[Date "????.??.??"]
[Round "4.28"]
[White "Ryan, Lea"]
[Black "Rival, Jocelyn"]
[Result "1-0"]
[WhiteElo "1399"]
[BlackElo "1156"]
[PlyCount "53"]

1. d4 d5 2. Nc3 Nf6 3. Bf4 e6 4. e3 Nc6 5. Nf3 Bd6 6. Bd3 O-O 7. O-O Nb4 8. a3
Nxd3 9. Qxd3 e5 10. e4 dxe4 11. Nxe4 Bg4 12. dxe5 Be7 13. Rad1 Bxf3 14. Qxf3
Nd7 15. Rd2 c6 16. Rfd1 f5 17. Rxd7 Qc8 18. Ng5 h6 19. Qb3+ Kh8 20. Nf7+ Rxf7
21. Qxf7 Qg8 22. Qxe7 Rf8 23. Bxh6 gxh6 24. R1d6 f4 25. Rxh6+ Qh7 26. Rxh7+ Kg8
27. Qg7# 1-0

[Event "Tournoi Skype 009"]
[Site "Skype"]
[Date "????.??.??"]
[Round "4.29"]
[White "Baker, Abi"]
[Black "Steenkamp, Brandt"]
[Result "0-1"]
[WhiteElo "1000"]
[BlackElo "1399"]
[PlyCount "42"]

1. c4 e5 2. Nc3 Nf6 3. e4 Nc6 4. Be2 Bb4 5. a3 Bxc3 6. bxc3 Nxe4 7. Nh3 d5 8.
f3 Bxh3 9. fxe4 Bxg2 10. Bf3 Bxh1 11. Bxh1 Qh4+ 12. Ke2 dxe4 13. Rb1 Qxh2+ 14.
Ke3 Qf4+ 15. Ke2 Qg4+ 16. Ke3 Qxd1 17. Kxe4 Qc2+ 18. d3 Qxb1 19. Bg5 Qxh1+ 20.
Kf5 Qf3+ 21. Bf4 Qxf4# 0-1

[Event "Tournoi Skype 009"]
[Site "Skype"]
[Date "????.??.??"]
[Round "4.30"]
[White "Lequeux, Pierre"]
[Black "Vincent, Andre"]
[Result "0-1"]
[WhiteElo "1399"]
[BlackElo "1413"]
[PlyCount "108"]

1. e4 c5 2. d3 Nc6 3. Nf3 d6 4. h3 Nf6 5. Be3 e5 6. Nc3 Be7 7. Be2 O-O 8. Bg5
h6 9. Bxf6 Bxf6 10. Qd2 Be6 11. b3 a6 12. Qd1 Qa5 13. Qd2 b5 14. O-O Qd8 15. a4
b4 16. Na2 d5 17. exd5 Bxd5 18. Qe3 Qd6 19. Qd2 Be6 20. c3 a5 21. c4 e4 22.
dxe4 Qxd2 23. Nxd2 Bxa1 24. Rxa1 Rad8 25. Rd1 Rd7 26. Nc1 Rfd8 27. Nd3 Nd4 28.
Kf1 Nxe2 29. Kxe2 Rxd3 30. f3 R3d6 31. Ke3 Rd3+ 32. Ke2 g5 33. Ke1 h5 34. Ke2
f6 35. Ke1 Kf7 36. Ke2 f5 37. exf5 Bxf5 38. Ke1 g4 39. h4 g3 40. Ke2 Re8+ 41.
Ne4 Rxd1 42. Kxd1 Bxe4 43. fxe4 Rxe4 44. Kd2 Rf4 45. Ke3 Rf2 46. Ke4 Rxg2 47.
Kf3 Rg1 48. Kf4 g2 49. Kg3 Rh1 50. Kxg2 Rxh4 51. Kg3 Rd4 52. Kh3 Rd3+ 53. Kh4
Rxb3 54. Kxh5 Ra3 0-1

[Event "Tournoi Skype 009"]
[Site "Skype"]
[Date "????.??.??"]
[Round "4.31"]
[White "Porcabeuf, Jean-Marc"]
[Black "Martin, Elise"]
[Result "1-0"]
[WhiteElo "1302"]
[BlackElo "1260"]
[PlyCount "75"]

1. d4 d5 2. c4 c6 3. Nf3 Nf6 4. Nc3 e6 5. a3 Be7 6. Bf4 Nbd7 7. e3 Nb6 8. b3
O-O 9. Bd3 Nh5 10. O-O Nxf4 11. exf4 Qc7 12. Ne5 Bd6 13. Bc2 Nd7 14. Qd3 Nf6
15. Rfe1 Re8 16. cxd5 exd5 17. Re3 Bf8 18. Rg3 g6 19. f5 Bxf5 20. Qxf5 Bg7 21.
Qd3 Bh6 22. Qf3 Bg7 23. Re1 Rf8 24. h4 Rae8 25. h5 Nxh5 26. Rh3 Nf6 27. Ne2 Nd7
28. Ng4 c5 29. Rh4 Qd8 30. Qh3 Nf6 31. Nxf6+ Qxf6 32. Rxh7 Bh6 33. Qxh6 Re6 34.
g3 Rfe8 35. Kg2 cxd4 36. Rh1 Rxe2 37. Rh8+ Qxh8 38. Qxh8# 1-0

[Event "Tournoi Skype 009"]
[Site "Skype"]
[Date "????.??.??"]
[Round "4.32"]
[White "Armingaud, Jean-Claude"]
[Black "Gagnon, Sindy"]
[Result "0-1"]
[WhiteElo "1246"]
[BlackElo "1029"]
[PlyCount "28"]

1. e4 e5 2. Nf3 Nc6 3. Bc4 Nf6 4. d3 Bc5 5. c3 O-O 6. d4 Bb6 7. Nxe5 Nxe4 8.
Bxf7+ Kh8 9. Bc4 Nxe5 10. Be3 d6 11. dxe5 Nxf2 12. Bxf2 Bxf2+ 13. Ke2 Qg5 14.
g3 Bg4+ 0-1

[Event "Tournoi Skype 009"]
[Site "Skype"]
[Date "????.??.??"]
[Round "4.33"]
[White "Coude, Josue"]
[Black "Marty, Yvette"]
[Result "1-0"]
[WhiteElo "1178"]
[BlackElo "1000"]
[PlyCount "49"]

1. e4 e5 2. Nf3 Nc6 3. Bc4 Nf6 4. Nc3 Bb4 5. a3 d6 6. axb4 Nxb4 7. d3 Nc6 8.
Bg5 h6 9. Bh4 O-O 10. Nd5 Qd7 11. Nxf6+ gxf6 12. Bxf6 Qg4 13. g3 Qg6 14. Nh4
Qxf6 15. Qd2 Nd4 16. O-O Nf3+ 17. Nxf3 Qxf3 18. Qxh6 Bg4 19. Qg5+ Kh8 20. h3
Bxh3 21. Qh6+ Kg8 22. Qxh3 Qf6 23. Kg2 Rae8 24. Rh1 Re6 25. Qh7# 1-0

[Event "Tournoi Skype 009"]
[Site "Skype"]
[Date "????.??.??"]
[Round "5.1"]
[White "Deville, Olivier"]
[Black "Auger, Bertrand"]
[Result "1-0"]
[WhiteElo "1931"]
[BlackElo "1985"]
[PlyCount "49"]

1. Nf3 Nf6 2. c4 c5 3. Nc3 Nc6 4. g3 g6 5. Bg2 Bg7 6. O-O d5 7. cxd5 Nxd5 8.
Qa4 O-O 9. Qc4 Nxc3 10. dxc3 b6 11. Qh4 Bb7 12. Bh6 e6 13. Ng5 Qf6 14. Bxg7
Qxg7 15. Ne4 Rfd8 16. Rad1 g5 17. Nxg5 Na5 18. Nxe6 Rxd1 19. Nxg7 Rxf1+ 20.
Kxf1 Bxg2+ 21. Kxg2 Kxg7 22. Qe4 Rf8 23. b4 cxb4 24. cxb4 f5 25. Qe5+ 1-0

[Event "Tournoi Skype 009"]
[Site "Skype"]
[Date "????.??.??"]
[Round "5.2"]
[White "Hilton, Stephen"]
[Black "Lambert, Pierre"]
[Result "1-0"]
[WhiteElo "1918"]
[BlackElo "1862"]
[PlyCount "73"]

1. d4 d5 2. c4 c6 3. Nf3 Nf6 4. Nc3 e6 5. Bg5 Be7 6. e3 Nbd7 7. Qc2 O-O 8. Bd3
h6 9. Bh4 Re8 10. O-O a6 11. Rac1 Nb6 12. Ne5 dxc4 13. Nxc4 Nxc4 14. Bxc4 Nd5
15. Bg3 Bd6 16. Rfd1 Qe7 17. a3 Bd7 18. Ba2 Rac8 19. Bxd6 Qxd6 20. Ne4 Qb8 21.
Bb1 f5 22. Nc5 Nf6 23. h3 Rc7 24. Ba2 Bc8 25. Qxf5 Rce7 26. Qe5 Qxe5 27. dxe5
Nd7 28. Nxd7 Bxd7 29. Rd6 Kf8 30. Rcd1 Bc8 31. Bb1 Kf7 32. R1d4 Rf8 33. Rf4+
Ke8 34. Bg6+ Rff7 35. Rxf7 Rxf7 36. Bxf7+ Kxf7 37. Rd8 1-0

[Event "Tournoi Skype 009"]
[Site "Skype"]
[Date "????.??.??"]
[Round "5.3"]
[White "Ayotte, Jocelyn"]
[Black "Hervais, Adrien"]
[Result "1-0"]
[WhiteElo "2046"]
[BlackElo "2063"]
[PlyCount "87"]

1. d4 d5 2. Nf3 e6 3. c4 c6 4. Nc3 dxc4 5. a4 Bb4 6. e4 b5 7. Be2 Nf6 8. Bg5 h6
9. Bxf6 gxf6 10. O-O Bxc3 11. bxc3 Nd7 12. d5 Nb6 13. a5 Na4 14. Rxa4 bxa4 15.
Qxa4 e5 16. Qxc6+ Bd7 17. Qa6 O-O 18. Nh4 Bc8 19. Qxc4 Qxa5 20. f4 Bd7 21. Qd3
Rac8 22. c4 Qc5+ 23. Kh1 Qd4 24. Qf3 exf4 25. Qxf4 Kg7 26. Bg4 Qe5 27. Bxd7
Qxf4 28. Rxf4 Rxc4 29. Nf5+ Kh7 30. h3 Rg8 31. Ne3 Rc1+ 32. Kh2 Rd8 33. Ng4 a5
34. Nxf6+ Kh8 35. e5 Re1 36. e6 fxe6 37. dxe6 Kg7 38. Ne4 Rd1 39. Nc5 Re1 40.
h4 Kg6 41. Ne4 Rd1 42. g4 Rb8 43. h5+ Kg7 44. Rf7+ 1-0

[Event "Tournoi Skype 009"]
[Site "Skype"]
[Date "????.??.??"]
[Round "5.4"]
[White "Harnandan, Sergio"]
[Black "Sharma, Mayank"]
[Result "0-1"]
[WhiteElo "1965"]
[BlackElo "1633"]
[PlyCount "130"]

1. d4 Nf6 2. Nc3 e6 3. e4 d5 4. e5 Nfd7 5. Bd3 c5 6. dxc5 Bxc5 7. Qg4 g6 8. Nf3
Bf8 9. Nb5 Nc5 10. Be2 a6 11. Bg5 Qb6 12. Nbd4 Ne4 13. Be3 Qxb2 14. O-O Bg7 15.
Bd3 Nc3 16. h4 h5 17. Qg5 Qb4 18. Bxg6 Qe7 19. Qxe7+ Kxe7 20. Bg5+ Ke8 21. Bd3
Nd7 22. Rfe1 Na4 23. Rab1 Nac5 24. Nb3 Nxd3 25. cxd3 Rg8 26. d4 f6 27. exf6
Nxf6 28. Nc5 Kf7 29. Ne5+ Ke7 30. Nxb7 Re8 31. Nc5 Kf8 32. Re3 Kg8 33. Rg3 Ng4
34. Nxg4 hxg4 35. Rxg4 e5 36. dxe5 Bxg4 37. f4 Bf5 38. Rb7 Bf8 39. Nb3 Rac8 40.
Kh2 Rc2 41. Nd4 Bc8 42. Nxc2 Bxb7 43. h5 Kh7 44. g4 Bc5 45. Bf6 d4 46. Ne1 Be4
47. Kg3 d3 48. Nxd3 Bxd3 49. f5 Bd4 50. Kf4 Bb2 51. g5 Bc1+ 52. Kg4 Be2+ 53.
Kh4 Be3 54. e6 Bf2+ 55. Kh3 Bxh5 56. Kg2 Bc5 57. Kg3 Be7 58. Kh4 Bg6 59. Kg4 a5
60. Kf4 Bh5 61. Ke5 Bg4 62. Bxe7 Rxe7 63. Kf6 Rb7 64. e7 Rb6+ 65. Kf7 Bxf5 0-1

[Event "Tournoi Skype 009"]
[Site "Skype"]
[Date "????.??.??"]
[Round "5.5"]
[White "Megelas, Florent"]
[Black "Plourde, Alain"]
[Result "0-1"]
[WhiteElo "1660"]
[BlackElo "1828"]
[PlyCount "90"]

1. e4 e6 2. d4 d5 3. Nc3 Nf6 4. exd5 exd5 5. Nf3 Nc6 6. Bd3 Bd6 7. Nb5 O-O 8.
O-O Re8 9. Nxd6 Qxd6 10. Bg5 h6 11. Bh4 Bg4 12. Bg3 Qd7 13. c3 Re7 14. Bb5 a6
15. Bxc6 Qxc6 16. Ne5 Bxd1 17. Nxc6 bxc6 18. Raxd1 Re2 19. Rb1 Rb8 20. b3 Rxa2
21. Bxc7 Rb7 22. Be5 Ne4 23. Ra1 Rxa1 24. Rxa1 Rxb3 25. f3 Nxc3 26. Rxa6 Rb1+
27. Kf2 Rb2+ 28. Kg3 Ne2+ 29. Kh3 f6 30. Ra8+ Kf7 31. Bg3 Nxd4 32. Ra7+ Kg6 33.
Ra4 Nf5 34. Bf4 c5 35. g4 Nd4 36. Kg3 Ne2+ 37. Kh4 Nxf4 38. Rxf4 d4 39. Kg3 d3
40. Rf5 c4 41. h4 d2 42. Rd5 c3 43. Rd7 c2 44. h5+ Kh7 45. Rxd2 c1=Q 0-1

[Event "Tournoi Skype 009"]
[Site "Skype"]
[Date "????.??.??"]
[Round "5.6"]
[White "Jacquelin, Norbert"]
[Black "L'Herbon De Lussats, Jean"]
[Result "1-0"]
[WhiteElo "1816"]
[BlackElo "1479"]
[PlyCount "71"]

1. e4 c5 2. Nf3 Nc6 3. d4 cxd4 4. Nxd4 e5 5. Nf5 d6 6. Ne3 Be6 7. Nc3 Nf6 8.
Bc4 Bxc4 9. Nxc4 Nd4 10. Bg5 Be7 11. O-O d5 12. Bxf6 Bxf6 13. Nxd5 Rc8 14. Nce3
O-O 15. c3 Ne6 16. Nf5 Re8 17. Nd6 Nf4 18. Nxf6+ Qxf6 19. Nxe8 Rxe8 20. g3 Nh3+
21. Kg2 Ng5 22. Qe2 Qg6 23. f3 Ne6 24. Kh1 f5 25. exf5 Qxf5 26. Rae1 Nc5 27.
Qc4+ Ne6 28. f4 g5 29. Rxe5 Qg4 30. Rxg5+ Qxg5 31. fxg5 Kg7 32. Qb5 Re7 33. Qf5
h5 34. Qf6+ Kg8 35. Qxe7 Nxg5 36. Rf8# 1-0